00713nam a22002057a 450000500170000001000150001702000260003203500140005803700140007208200110008610000230009724501190012025000130023926000360025227000870028830000410037550000450041670000230046170000230048420181218143925.0 aENG-124569 a9789353162603c775.00 aEN-108101 bDBAD/PUB. a303.34 aHughes, Richard L. aLeadership:cby Richard L. Hughes; Robert C. Ginnett [and] Gordon J. Curphybenhancing the lessons of experience/ a8th edn. bTata McGraw Hillc2018aChennai a444,/1, Sri Ekambara Naicker Industrial Estate, Alapakkam, Porur,bChennaie600116 axviii,734p.c26cm(pbk)bill. picture aIt includes name index and subject index aGinnett, Robert C. a Curphy, Gordon J.